000 01058nam a22002417a 4500
003 OSt
005 20251002180831.0
008 240403b ||||| |||| 00| 0 eng d
040 _c0
082 _aDPer 621.317 Ie21 October 2022 v. 37 n. 10
100 _aKnoll, Jack S.
_eauthor.
_955975
245 _aA PCB-embedded 1.2 kV SiC MOSFET half-bridge package for a 22 kW AC–DC converter /
_cJack S. Knoll, Gibong Son, Christina DiMarino, Qiang Li, Hannes Stahr, and Mike Morianz.
260 _aNew York ;
_bThe Institute of Electrical and Electronics Engineers, Inc. ,
_cOctober 2022.
300 _aVolume 37, pages 11927-11936 :
_billustration ;
_c28 cm.
500 _aIEEE Transactions on Power Electronics, v. 37, n. 10, pages 11927-11936, October 2022.
700 _aKnoll, Jack S.
_eauthor.
_955975
700 _aSon, Gibong.
_eauthor.
_955976
700 _aDiMarino, Christina.
_eauthor.
_955977
700 _aLi, Qiang.
_eauthor.
_955978
700 _aStahr, Hannes.
_eauthor.
_955979
700 _aMorianz, Mike.
_eauthor.
_955980
942 _2ddc
_cPER
999 _c19995
_d19995